| 000 | 01121cam a2200361 a 4500 | ||
|---|---|---|---|
| 001 | 5149 | ||
| 003 | DO-SdBPM | ||
| 005 | 20250711125347.0 | ||
| 007 | ta | ||
| 008 | 100608s2009 sp b 000 1 spa | ||
| 010 | _a | ||
| 020 | _a9788430607815 | ||
| 035 | _a | ||
| 040 |
_aDO-SdBPM _cspa _bBPMSU _erda |
||
| 043 | _a | ||
| 082 | 4 |
_a980 _bR741r 2009 _222 |
|
| 100 | 1 |
_aRojas, Rafael, _d1965- _eautor |
|
| 245 | 1 | 4 |
_aLas repúblicas de aire : _butopía y desencanto en la revolución de Hispanoamérica / _cRafael Rojas. |
| 264 |
_aMadrid : _bTaurus, _c2009. |
||
| 300 |
_a422 págianas ; _c24 cm. |
||
| 336 |
_atexto _btxt _2rdacontent |
||
| 337 |
_asin mediación _bn _2rdamedia v |
||
| 338 |
_avolumen _bnc _2rdacarrier |
||
| 490 | 0 | _aTaurus historia | |
| 500 | _aIncluye datos biográficos del autor en la solapa de la cubierta | ||
| 504 | _aBibliografía (páginas 361-386) | ||
| 586 | _a Premio de Ensayo Isabel Polanco | ||
| 590 | _aInventariado, 2025/VM | ||
| 650 | 0 |
_a _z |
|
| 651 | 7 |
_aAmérica Latina _x Historia _y |
|
| 910 | _aVMateo V. Control de calidad. BPMSU | ||
| 942 |
_2ddc _cBK |
||
| 999 |
_c11323 _d11323 |
||